Welcome to CU Library Online Public Access Catalogue (OPAC)

Design of mechanical and electrical systems in buildings / (Record no. 8327)

MARC details
000 -LEADER
fixed length control field 00795cam a22002294a 4500
001 - CONTROL NUMBER
control field 13260263
005 - DATE AND TIME OF LATEST TRANSACTION
control field 20251122134849.0
008 - FIXED-LENGTH DATA ELEMENTS--GENERAL INFORMATION
fixed length control field 030702s2004 njua b 001 0 eng
020 ## - INTERNATIONAL STANDARD BOOK NUMBER
International Standard Book Number 0130972355
Qualifying information pbk.
020 ## - INTERNATIONAL STANDARD BOOK NUMBER
International Standard Book Number 9780130972354
Qualifying information (pbk.)
050 00 - LIBRARY OF CONGRESS CALL NUMBER
Classification number TH6031
Item number .T76 2004
082 00 - DEWEY DECIMAL CLASSIFICATION NUMBER
Classification number 696
Edition information 22
100 1# - MAIN ENTRY--PERSONAL NAME
Personal name Trost, J.
245 10 - TITLE STATEMENT
Title Design of mechanical and electrical systems in buildings /
Statement of responsibility, etc. J. Trost, Ifte Choudhury,
260 ## - PUBLICATION, DISTRIBUTION, ETC.
Place of publication, distribution, etc. Upper Saddle River, N.J. :
Name of publisher, distributor, etc. Pearson/Prentice Hall,
Date of publication, distribution, etc. c2004.
300 ## - PHYSICAL DESCRIPTION
Extent viii, 419 p. :
Other physical details ill. ;
Dimensions 28 cm.
650 #0 - SUBJECT ADDED ENTRY--TOPICAL TERM
Topical term or geographic name entry element Buildings
General subdivision Environmental engineering.
650 #0 - SUBJECT ADDED ENTRY--TOPICAL TERM
Topical term or geographic name entry element Buildings
General subdivision Mechanical equipment
-- Design and construction.
650 #0 - SUBJECT ADDED ENTRY--TOPICAL TERM
Topical term or geographic name entry element Buildings
General subdivision Electric equipment
-- Design and construction.
700 1# - ADDED ENTRY--PERSONAL NAME
Personal name Choudhury, Ifte.
942 ## - ADDED ENTRY ELEMENTS (KOHA)
Source of classification or shelving scheme Library of Congress Classification
Koha item type Books
Suppress in OPAC No
999 ## -
-- 8327
-- 8327
Holdings
Withdrawn status Lost status Source of classification or shelving scheme Damaged status Not for loan Collection Home library Current library Shelving location Date acquired Total checkouts Full call number Barcode Date last seen Copy number Price effective from Koha item type
    Library of Congress Classification     Non-fiction Science Library (Miotso) Science Library (Miotso) General stacks 11/22/2025   TH6031 .T76 TRO SLM00005990 11/22/2025 1 11/22/2025 Books
© 2023-2024 Copyright: Central University Libraries. All Rights Reserved | Created by: Mahone Tech Office